KAMUS Simpulan Bahasa

Bibliographic Details
Main Author: Zarina Mohd. Yasin
Format: Book
Published: KL : Kohwai & Young , 2014
Series:Siri pedoman bahasa: kamus bergambar
Subjects:

MARC

LEADER 00000cam a2200000 7i4500
001 0000059417
005 20160203.0
008 160203
020 |a 9789673964840 
020 |a 9789673964871 (Set) 
090 0 0 |a JF   |b EDU MAL 
100 0 |a Zarina Mohd. Yasin 
245 0 0 |a KAMUS Simpulan Bahasa   |c Zarina Mohd. Yasin 
260 |a KL :   |b Kohwai & Young ,   |c 2014 
490 1 |a Siri pedoman bahasa: kamus bergambar 
500 |a Children ages 7-9 years old (orange) 
650 0 |a Proverbs, Malay   |x Dictionaries 
999 |a 0001383059   |b Book   |c Children Collection   |e Cawangan Batu Pahat 
999 |a 0001383060   |b Book   |c Children Collection   |e Cawangan Taman Universiti 
999 |a 0001383061   |b Book   |c Children Collection   |e Cawangan Segamat 
999 |a 0001383062   |b Book   |c Children Collection   |e Cawangan Tangkak 
999 |a 0001383063   |b Book   |c Children Collection   |e Cawangan Bandar Tenggara 
999 |a 0001383064   |b Book   |c Children Collection   |e Cawangan Pontian 
999 |a 0001383065   |b Book   |c Children Collection   |e Cawangan Taman Sri Lambak 
999 |a 0001383066   |b Book   |c Children Collection   |e Cawangan Bukit Gambir 
999 |a 0001383067   |b Book   |c Children Collection   |e Cawangan Sri Merlong 
999 |a 0001383068   |b Book   |c Children Collection   |e Cawangan Mersing 
999 |a 0001383069   |b Book   |c Children Collection   |e Cawangan Bandar Penawar 
999 |a 0001383070   |b Book   |c Children Collection   |e Cawangan Kota Tinggi 
999 |a 0001383071   |b Book   |c Children Collection   |e Cawangan Muar 
999 |a 0001383072   |b Book   |c Children Collection   |e Cawangan Tmn. Ungku Tun Aminah 
999 |a 0001385656   |b Book   |c Children Collection   |e Cawangan AEON Kulaijaya 
999 |a 0001385657   |b Book   |c Children Collection   |e Cawangan Urban Transformation Centre 
999 |a 0001385658   |b Book   |c Children Collection   |e Cawangan Urban Transformation Centre 
999 |a 0001385659   |b Book   |c Children Collection   |e Perbadanan Perpustakaan Awam Johor 
999 |a 0001385660   |b Book   |c Children Collection   |e Perbadanan Perpustakaan Awam Johor 
999 |a 0001385661   |b Book   |c Children Collection   |e Perbadanan Perpustakaan Awam Johor